00476nam a2200217Ia 4500008004000000041000800040082001200048100000600060245005700066260004200123650000800165650001100173650000700184650000700191650001400198650001000212650000700222650001100229650001000240650000800250210210b1941 xxu||||| |||| 00| 0 eng d aeng a335/372 a- aReport on the marketing of grapes in India and Burma aDelhibManager of Publications,c1941 athe aReport aon aof amarketing aIndia ain agrapes aBurma aand